[Event "CRO Team Cup"]
[Site "Mali Losinj"]
[Date "2017.05.14"]
[Round "6.111"]
[White "Kelemen, Miljenko"]
[Black "Bulic, Domagoj"]
[Result "1/2-1/2"]
[WhiteElo "1969"]
[BlackElo "2187"]
[PlyCount "105"]
[EventDate "2017.??.??"]

1. d4 d5 2. Bf4 c6 3. c3 Bf5 4. Nf3 e6 5. Nbd2 Bd6 6. e3 Bxf4 7. exf4 Qc7 8. g3
Nf6 9. Ne5 O-O 10. Bg2 c5 11. dxc5 Qxc5 12. O-O Nc6 13. Nb3 Qb6 14. Nxc6 bxc6
15. Qd4 Rab8 16. Rfc1 Rfc8 17. h3 c5 18. Qe3 Bg6 19. g4 a5 20. f5 exf5 21. g5
Ne4 22. f3 Ng3 23. Qe5 f4 24. Re1 a4 25. Qxf4 Nh5 26. Qxa4 c4+ 27. Nd4 Qxb2 28.
Nc6 Qb6+ 29. Nd4 Nf4 30. Qd7 Qb2 31. Bf1 Bd3 32. Qg4 Bxf1 33. Rxf1 Ng6 34. Rac1
Qxa2 35. f4 Qd2 36. Qg3 Rb2 37. Rcd1 Re8 38. Rxd2 Rxd2 39. f5 Rd3 40. Qd6 Nh4
41. g6 hxg6 42. fxg6 fxg6 43. Qxd5+ Kh7 44. Rf4 Rxh3 45. Qg5 Re1+ 46. Kf2 Reh1
47. Nf3 Nxf3 48. Rxf3 Rf1+ 49. Kxf1 Rxf3+ 50. Ke2 Rxc3 51. Qh4+ Kg8 52. Qd8+
Kh7 53. Qh4+ 1/2-1/2

[Event "CRO Team Cup"]
[Site "Mali Losinj"]
[Date "2017.05.14"]
[Round "6.112"]
[White "Barcal, Aleksandar"]
[Black "Florjan, Mladen"]
[Result "1/2-1/2"]
[WhiteElo "2001"]
[BlackElo "2001"]
[PlyCount "39"]
[EventDate "2017.??.??"]

1. e4 c5 2. Nf3 d6 3. d4 cxd4 4. Nxd4 Nf6 5. Nc3 a6 6. Be2 e5 7. Nb3 Be7 8. O-O
Be6 9. Be3 O-O 10. Qd2 b5 11. f3 Nbd7 12. Rad1 Nb6 13. Bxb6 Qxb6+ 14. Kh1 Rad8
15. Nd5 Bxd5 16. exd5 Nh5 17. Qa5 Qe3 18. Qd2 Qb6 19. Qa5 Qe3 20. Qd2 1/2-1/2

[Event "CRO Team Cup"]
[Site "Mali Losinj"]
[Date "2017.05.14"]
[Round "6.113"]
[White "Spiranec, Miljenko"]
[Black "Kovacevic, Matija"]
[Result "1-0"]
[WhiteElo "1808"]
[BlackElo "1993"]
[PlyCount "101"]
[EventDate "2017.??.??"]

1. d4 d5 2. Nf3 Nf6 3. Bg5 c5 4. e3 Qb6 5. Nc3 Qxb2 6. Nb5 Qb4+ 7. Qd2 Qxd2+ 8.
Nxd2 Na6 9. c4 cxd4 10. exd4 e6 11. c5 Be7 12. Bd3 O-O 13. a3 Bd7 14. Nc3 Nb8
15. Rb1 Bc8 16. Nf3 Nc6 17. O-O h6 18. Bf4 g5 19. Be3 Ng4 20. Nb5 Bd7 21. h3
Nxe3 22. fxe3 f5 23. Rb2 g4 24. hxg4 fxg4 25. Nh2 Rxf1+ 26. Nxf1 Rf8 27. Nxa7
Na5 28. Bb5 Nc6 29. Bxc6 Bxc6 30. Nxc6 bxc6 31. Rb6 Ra8 32. Rxc6 Kf7 33. Rc7
Rxa3 34. Rb7 h5 35. g3 Ra2 36. Rb8 Rc2 37. Rb3 Bg5 38. Rb8 Bf6 39. Rb7+ Kg6 40.
Rd7 Kf5 41. Rh7 Kg5 42. Rd7 Kg6 43. Nh2 Bg5 44. Nf1 Re2 45. c6 Bxe3+ 46. Nxe3
Rxe3 47. Kf2 Rc3 48. c7 Kf5 49. Re7 Ke4 50. Rxe6+ Kxd4 51. Re7 1-0